The plays of Eugene O´Neill: a critical commentary

Сохранить в:
Библиографические подробности
Главный автор: Rogers, David
Формат:
Язык:Undetermined
Опубликовано: New York, Estados Unidos Monarch Press [s.f.]
Предметы:
Метки: Добавить метку
Нет меток, Требуется 1-ая метка записи!

MARC

LEADER 00000nam a2200000Ia 4500
008 170316s9999 xx 000 0 und d
090 |a C-810 R-1p 
100 |a Rogers, David 
245 4 |a The plays of Eugene O´Neill: a critical commentary 
260 |a New York, Estados Unidos 
260 |b Monarch Press 
260 |c [s.f.] 
300 |a 83 páginas 
650 |a LITERATURA ESTADOUNIDENSE 
650 |a CRÍTICA 
999 |c 28233  |d 28233 
040 |a cru BVZT 
942 |c 15 D  |h C-810 R-1p  |2 z